The _____ Books Quiz Stats

Quiz Updated Nov 11, 2012

Challenge
Share
Tweet
Embed
Score 0/60 Timer 06:00
0 Plays Today
Book Word % Correct
The __ Vinci CodeDa
98.7%
The _____ Gatsby Great
98.2%
The ____ with the Dragon TattooGirl
97.9%
The _________ of Notre DameHunchback
96.6%
The _______ in the RyeCatcher
95.8%
The ____ Of The Rings Lord
91.6%
The _____ of Monte CristoCount
85.6%
The ___________ Guide to the GalaxyHitchhiker's
85.1%
The ______ Games Hunger
83.4%
The ___ Man and the SeaOld
83.4%
The ____ for Red OctoberHunt
81.9%
The ____ Traveler's WifeTime
81%
The ___ York TrilogyNew
79.7%
The _______ LetterScarlet
78.8%
The ____ of the WildCall
78.7%
The ____ in the Willows Wind
78.4%
The _____ According to GarpWorld
73.9%
The __________ of Being EarnestImportance
72.9%
The __________ TalesCanterbury
70.2%
The _______ PatientEnglish
70.2%
The _______ FalconMaltese
63.6%
The ______ BonesLovely
62.7%
The _________ ManInvisible
62.2%
The _____ MenagerieGlass
62.1%
The _______ KaramazovBrothers
60.5%
The ______ ComedyDivine
60.3%
The ____ RunnerKite
59%
The _____ and the FurySound
56.4%
The ___ We Live NowWay
56%
The ______-Nine StepsThirty
52.1%
Book Word % Correct
The _____ in WhiteWoman
51.5%
The ____ BattleLast
49.4%
The ______ Lieutenant's WomanFrench
48.2%
The _______ VersesSatanic
47.7%
The ____ of GenjiTale
47.3%
The ___ DrumTin
42.3%
The ____ of the Cave BearClan
37.5%
The ________ of a Lady Portrait
37.3%
The _______ ProgressPilgrim's
36.7%
The ___ and the BlackRed
36.4%
The _____ CartApple
32.8%
The _____ of Miss Jean BrodiePrime
32%
The ______ OrchardCherry
31.6%
The _______ TaleWinter's
31.5%
The _________ TaleHandmaid's
30.8%
The ____ of the RoseName
29.8%
The ______ VacancyCasual
28.2%
The ______ of the NativeReturn
25.8%
The _____ of a NobodyDiary
25.5%
The _____ of Ivan IlyichDeath
24%
The _____ AmericanQuiet
22.5%
The ____ SoldierGood
20.1%
The ___ Of Small ThingsGod
19.7%
The ______ for ScandalSchool
19.5%
The _____ and the DeadNaked
16.9%
The ______ ReunionFamily
16.6%
The ________ PartyBirthday
14.5%
The ______ of Wildfell HallTenant
13.8%
The _____ MountainMagic
11.7%
The __________ InspectorGovernment
5.2%

You're not logged in!

Compare scores with friends on all Sporcle quizzes.
Sign Up with Email
OR
Log In

You Might Also Like...

Show Comments

Extras

Top Quizzes Today


Score Distribution

Your Account Isn't Verified!

In order to create a playlist on Sporcle, you need to verify the email address you used during registration. Go to your Sporcle Settings to finish the process.